000 00326nam a2200145Ia 4500
003 OSt
008 191201s2004 xx 000 0 und d
082 _a510.76
_bAGO
100 _aAGGARWAL, R.S.
245 0 _aObjective Arithmetic
260 _aNew Delhi
_bS. Chand
_c2004
300 _a594
650 _aApplied
942 _2ddc
_cBK
999 _c358
_d358